| 000 | 00560 a2200205 4500 | ||
|---|---|---|---|
| 020 | _a978-0-13-703515-1 (hbk.) | ||
| 020 | _a0-13-703515-2 (hbk.) | ||
| 020 | _a0 | ||
| 020 | _a0 | ||
| 040 |
_aDLC _bDLC |
||
| 082 | 0 | 4 | _a005.1 |
| 100 | 1 | _aSommerville, Ian, | |
| 245 | 1 | 0 |
_aSoftware engineering _cIan Sommerville. |
| 250 | _a9th ed. | ||
| 260 |
_aBoston, Mass. : _bAddison-Wesley ; _aLondon : _bPearson Education [distributor], _c2010. |
||
| 300 | _a773 p. | ||
| 500 | _aPrevious ed.: 2007. | ||
| 650 | 0 | _aSoftware engineering. | |
| 942 |
_cBK _k005.1 SOM _2ddc |
||
| 999 |
_c10489 _d10489 |
||